[Event "WYCC 2018 O18"]
[Site "Halkidiki"]
[Date "2018.10.29"]
[Round "10"]
[White "Manu David Suthandram R"]
[Black "Carnicelli, Valerio"]
[Result "1-0"]
[WhiteElo "1970"]
[BlackElo "2299"]
[Annotator "NA"]
[PlyCount "85"]
[EventDate "2018.10.20"]
[EventType "swiss"]
[EventCountry "GRE"]
[SourceTitle "playchess.com"]
[Source "ChessBase"]
[SourceQuality "1"]
[TimeControl "40/5400+30:1800+30"]

1. e4 {[%emt 0:00:00]} e5 {[%emt 0:00:00]} 2. Nf3 {[%emt 0:00:04]} Nc6 {[%emt 0:00:00]} 3. Bc4 {[%emt 0:00:05]} Bc5 {[%emt 0:00:00]} 4. O-O {[%emt 0:00:05]} d6 {[%emt 0:00:00]} 5. h3 {[%emt 0:00:31]} h6 {[%emt 0:00:00]} 6. c3 {[%emt 0:01:17]} Qf6 {[%emt 0:00:00]} 7. b4 {[%emt 0:04:48]} Bb6 {[%emt 0:00:33]} 8. a4 {[%emt 0:04:02]} a5 {[%emt 0:04:12]} 9. b5 {[%emt 0:02:00]} Nce7 {[%emt 0:03:23]} 10. d4 {[%emt 0:00:55]} Ng6 {[%emt 0:09:47]} 11. Be3 {[%emt 0:02:35]} N8e7 {[%emt 0:00:24]} 12. Kh2 {[%emt 0:04:38]} O-O {[%emt 0:01:24]} 13. g3 {[%emt 0:04:30]} exd4 $11 {[%emt 0:08:17]} 14. Nxd4 {[%emt 0:08:51]} d5 {[%emt 0:09:31]} 15. exd5 {[%emt 0:11:08]} Ne5 {[%emt 0:03:44]} 16. Bb3 {[%emt 0:03:57]} Rd8 {[%emt 0:14:53]} 17. f4 {[%emt 0:03:44]} Nd7 {[%emt 0:00:08]} 18. Qf3 {[%emt 0:13:01]} Nc5 {[%emt 0:01:10]} 19. Bc4 {[%emt 0:00:06]} Bf5 {[%emt 0:12:18]} 20. Nd2 {[%emt 0:00:50]} Nc8 {[%emt 0:08:56]} 21. Nxf5 {[%emt 0:12:01]} Qxf5 {[%emt 0:00:10]} 22. g4 {[%emt 0:00:54]} Qd7 {[%emt 0:02:03]} 23. Bxc5 {[%emt 0:01:35]} Bxc5 {[%emt 0:00:05]} 24. Ne4 {[%emt 0:00:23]} Bf8 {[%emt 0:02:16]} 25. Rad1 {[%emt 0:00:33]} Re8 {[%emt 0:00:48]} 26. Bd3 {[%emt 0:00:37]} Nd6 {[%emt 0:00:55]} 27. Rde1 {[%emt 0:05:11]} Re7 {[%emt 0:06:39]} 28. Nc5 {[%emt 0:04:52]} Qe8 {[%emt 0:00:27]} 29. Qg3 {[%emt 0:00:18]} b6 {[%emt 0:06:12]} 30. Rxe7 {[%emt 0:00:58]} Qxe7 {[%emt 0:01:50]} 31. Re1 {[%emt 0:00:06]} Qd8 {[%emt 0:02:13]} 32. Nb3 {[%emt 0:00:05]} Be7 {[%emt 0:00:27]} 33. Qe3 {[%emt 0:00:47]} Bh4 {[%emt 0:00:10]} 34. Re2 {[%emt 0:00:12]} Bf6 {[%emt 0:00:16]} 35. c4 {[%emt 0:00:31]} Nb7 {[%emt 0:01:59]} 36. Bc2 {[%emt 0:02:20]} Qd6 {[%emt 0:00:20]} 37. Qe8+ {[%emt 0:00:55]} Qf8 {[%emt 0:00:17]} 38. Qc6 {[%emt 0:00:36]} Nc5 {[%emt 0:02:40]} 39. Nxc5 {[%emt 0:00:36]} bxc5 {[%emt 0:00:04]} 40. Qxc7 {[%emt 0:00:00]} Re8 {[%emt 0:00:00]} 41. Be4 {[%emt 0:12:27]} Be7 {[%emt 0:01:15]} 42. Qd7 {[%emt 0:02:06]} g6 {[%emt 0:01:07]} 43. Bf3 {[%emt 0:01:16]} 1-0

[Event "WYCC 2018 O18"]
[Site "Halkidiki"]
[Date "2018.10.30"]
[Round "11"]
[White "Hakobyan, Aram"]
[Black "Haug, Johannes"]
[Result "1/2-1/2"]
[WhiteElo "2565"]
[BlackElo "2391"]
[Annotator "TA"]
[PlyCount "91"]
[EventDate "2018.10.20"]
[EventType "swiss"]
[EventCountry "GRE"]
[SourceTitle "playchess.com"]
[Source "ChessBase"]
[SourceQuality "1"]

{[%evp 20,91,-5,-8,-7,0,0,0,-8,-1,-4,-3,8,3,0,0,0,0,0,0,0,0,0,0,0,0,0,0,19,20,25,4,5,0,4,8,5,0,41,37,43,42,67,20,22,17,37,37,37,15,16,0,16,16,16,16,20,0,0,0,0,0,2,0,0,0,0,0,0,0,0,0,0,0]} 1. d4 Nf6 2. Bf4 e6 3. e3 d5 4. Nf3 c5 5. c3 Nc6 6. Nbd2 cxd4 7. exd4 {D02: Damenbauernspiele} Nh5 8. Be3 Bd6 9. Ne5 (9. Bd3 Nf4 10. Bxf4 Bxf4 11. g3 Bd6 12. O-O O-O 13. Re1 Bd7 14. h4 h6 {1-0 (44) Caruana,F (2822)-Aronian,L (2767) chess.com INT 2018}) 9... g6 10. f4 f6 11. Nd3 {LiveBook: 7 Partien} O-O 12. Be2 Ng7 13. O-O b6 {[#]} 14. g4 $146 ({Vorgänger:} 14. g3 Re8 {1-0 (43) Petrosyan,M (2559)-Pogosyan,S (2349) Yerevan 2017}) 14... Bb7 15. Qe1 e5 16. fxe5 fxe5 17. dxe5 Nxe5 18. Nxe5 Bxe5 19. Nf3 Bd6 20. Nd4 Qe7 21. Qd2 Ne6 22. Nxe6 Qxe6 23. Bd4 Bc5 24. Bf3 Rae8 25. h3 Bxd4+ 26. Qxd4 Qe3+ 27. Kg2 Qxd4 28. cxd4 Kg7 29. Rfe1 Kf6 30. Kg3 Re6 31. g5+ Ke7 $1 32. h4 Kd6 33. Rxe6+ Kxe6 $14 {[%mdl 4096] Endspiel KTL-KTL} 34. h5 Kd6 {Die Stellung ist ausgeglichen.} 35. Rh1 {[#] zielt auf hxg6 ab.} Bc8 36. hxg6 hxg6 37. Rh6 Bf5 38. Rh7 a5 39. Rb7 Kc6 40. Rg7 Kd6 41. Bg4 {[#] Lxf5 ist eine echte Drohung.} Be4 42. Be2 Ke6 43. Rb7 Kf5 44. Rxb6 Kxg5 45. a4 Rc8 46. Rb5 {Precision: Weiß = 79%, Schwarz = 74%.} 1/2-1/2

[Event "WYCC 2018 O18"]
[Site "Halkidiki"]
[Date "2018.10.30"]
[Round "11"]
[White "Nguyen, Thai Dai Van"]
[Black "Gholami, Aryan"]
[Result "1/2-1/2"]
[WhiteElo "2556"]
[BlackElo "2493"]
[Annotator "TA"]
[PlyCount "140"]
[EventDate "2018.10.20"]
[EventType "swiss"]
[EventCountry "GRE"]
[SourceTitle "playchess.com"]
[Source "ChessBase"]
[SourceQuality "1"]

{[%evp 26,140,55,51,54,46,58,46,57,53,71,67,89,89,126,127,128,133,201,210,202,197,429,343,344,344,356,333,437,305,322,324,307,301,304,305,312,335,306,310,313,292,293,241,222,246,235,228,271,192,218,0,276,210,207,175,146,88,45,62,191,187,189,70,68,77,145,161,155,161,454,0,40,0,502,501,493,496,517,511,518,514,469,236,195,0,457,0,227,220,190,183,237,315,294,278,254,173,210,122,290,113,234,0,0,0,0,0,0,-8,-8,-8,-8,-8,-8,-8,-8]} 1. e4 c5 2. Nf3 Nc6 3. d4 cxd4 4. Nxd4 e5 5. Nb5 a6 6. Nd6+ Bxd6 7. Qxd6 Qe7 8. Qd1 Nf6 9. Nc3 d6 10. Bg5 {B32: Sizilianisch (Löwenthal-Variante)} Be6 11. Nd5 Bxd5 12. exd5 Nb8 13. Be2 (13. Qf3 Nbd7 14. O-O-O h6 15. Be3 h5 16. h3 O-O-O 17. Ba7 Nc5 {1-0 (80) Yu,Y (2759)-Li,C (2725) Ningbo 2018}) 13... Nbd7 14. O-O {LiveBook: 9 Partien} O-O 15. c4 a5 16. Rc1 h6 17. Be3 Ne4 18. Bd3 $146 Nec5 19. Bf5 b6 20. Qg4 {Und weiter mit Lxh6 wäre nett.} Nf6 21. Qh3 $1 Nfe4 {[#]} (21... Nh7 $16 {war nötig.} 22. Bc2 Nf6) 22. Bxh6 $1 $18 {[%mdl 512]} gxh6 23. Qxh6 $40 {[%csl Gf5][%cal Rh6h7][%mdl 128] Weiss will per K.O. gewinnen.} Ng5 $2 (23... f6 24. Bxe4 Qg7 25. Qxg7+ Kxg7) 24. h4 f6 {Jetzt ...Sh7 und Schwarz darf weiter klammern.} 25. hxg5 fxg5 26. Rc3 Rf6 27. Qxg5+ Qg7 28. Rg3 {[%csl Gg3][%cal Rg5g7]} Qxg5 29. Rxg5+ Kf7 30. Rh5 Kg7 31. g4 Rh6 32. Rxh6 Kxh6 {[%mdl 4096] Endspiel KTL-KTS} 33. Kg2 Kg5 34. Rh1 Kf4 35. Rh6 Rd8 36. b3 e4 37. Be6 Rf8 38. Bf5 Rd8 39. Rh7 Nd3 40. Kf1 a4 41. Rh3 (41. Be6 $142 $1) 41... axb3 $16 42. axb3 Nb4 (42... Ra8 $1 $14) 43. Re3 $18 Re8 44. Re2 (44. Ke2 $1 $18) 44... Nd3 $1 $14 45. Kg2 Re7 (45... Re5 $142 46. Kf1 Nc5) 46. Re3 $1 $16 {Lxe4! ist eine echte Drohung.} Nb4 47. Rh3 Nd3 $2 (47... Ra7 48. Rh8 Nd3) 48. Re3 $2 ({Der einzige Zug:} 48. Rh6 $18) 48... Nb4 $1 $14 49. Rh3 $2 {[%mdl 8192]} (49. Be6 $14) 49... Nd3 $1 $18 50. Rh6 Ra7 51. Re6 Ne5 {beabsichtigt ...Ta2.} 52. Rxd6 Ra2 {Droht ...e3 und aus.} 53. Rf6 Kg5 54. Re6 (54. Rf8 $142) 54... Kf4 55. Rf6 $2 (55. Bxe4 $1 Kxe4 56. Kg3 (56. Rxb6 Nxg4 57. Kg3 Nxf2 $11)) 55... Kg5 $1 {[%cal Rg5f6]} 56. Re6 (56. Rf8 $142 $1) 56... Kf4 $1 {[#] Weiss muss nun ...e3 beachten.} 57. Bxe4 $1 Kxe4 {KTS-KT} 58. Kg3 {Droht stark f4.} ({Minderwertig wäre} 58. Rxb6 Nxg4 59. Kg3 Nxf2 $11) 58... Rd2 (58... Rb2 $142) 59. f3+ $1 (59. Rxb6 Rd3+ 60. Kh4 Rf3 $16) 59... Kd4 60. Kf4 ({Nicht} 60. Rxb6 Rd3 $16) 60... Nd3+ 61. Kg5 Rf2 62. Rf6 (62. Rxb6 $18 {zielt auf d6 ab.} Rxf3 63. Rf6) 62... Nc5 $2 (62... Kc3 $16) 63. d6 $2 (63. b4 $18 {und der Rest ist Schweigen.} Na4 64. Rf4+ Ke5 65. Re4+ Kd6 66. f4) 63... Ke5 {[#]} (63... Kc3 $16 {ist wohl besser.}) 64. f4+ $2 (64. Kg6 $1 $18) 64... Rxf4 $1 $11 {Die Stellung ist ausgeglichen.} 65. Rxf4 {KT-KS} Ne6+ 66. Kh6 Kxf4 67. d7 Kxg4 68. b4 Kf5 69. c5 $1 {[%cal Rc5c6]} bxc5 70. bxc5 {Und c6 würde nun gewinnen.} Ke5 {Precision: Weiß = 56%, Schwarz = 51%.} 1/2-1/2

[Event "WYCC 2018 O18"]
[Site "Halkidiki"]
[Date "2018.10.30"]
[Round "11"]
[White "Shevchenko, Kirill"]
[Black "Goncalves, Davi Sulzbacher"]
[Result "1-0"]
[WhiteElo "2549"]
[BlackElo "2177"]
[Annotator "TA"]
[PlyCount "137"]
[EventDate "2018.10.20"]
[EventType "swiss"]
[EventCountry "GRE"]
[SourceTitle "playchess.com"]
[Source "ChessBase"]
[SourceQuality "1"]

{[%evp 14,137,24,25,52,55,59,49,55,55,60,58,76,50,92,76,107,63,57,62,62,53,65,55,66,53,61,42,45,41,66,38,45,46,31,21,29,18,104,102,108,96,96,95,99,97,102,0,0,0,26,-24,0,0,0,0,0,0,0,0,0,0,0,0,2,2,2,2,2,2,3,2,3,3,8,7,8,3,3,3,3,3,10,10,10,10,13,13,20,0,20,8,141,20,20,10,10,10,10,10,17,17,20,17,114,106,252,249,254,235,29950,29947,29943,29951,29950,29948,29954,12797,9036,6006,5736,5089,5179,4598,29974,29972]} 1. d4 Nf6 2. c4 g6 3. Nc3 d5 4. Nf3 Bg7 5. h4 (5. Qb3 dxc4 6. Qxc4 O-O 7. e4 Nc6 8. Be2 e5 9. d5 Nd4 10. Nxd4 exd4 11. Qxd4 c6 12. Qc4 b5 13. Qxc6 Bd7 14. Qd6 Re8 15. Bg5 b4 16. Qxb4 Nxd5 17. Nxd5 Qxg5 {½-½ (33) Vidit,S (2711)-Vachier Lagrave,M (2780) chess.com INT 2018}) 5... c6 6. cxd5 {D90: Grünfeld: 4 Nf3 Bg7 sidelines} cxd5 7. Bf4 Nc6 8. e3 {LiveBook: 56 Games. White has an edge.} Bf5 9. Qb3 Qb6 10. Qxb6 axb6 11. Ne5 O-O 12. f3 Be6 $146 ({Predecessor:} 12... Rfc8) 13. Bb5 (13. Nd3 {is interesting.} Rfc8 14. Kf2 h5 15. Be2 Bf5 16. Ne5) 13... Nxe5 14. Bxe5 Ne8 15. Bxe8 (15. Kf2 {feels hotter.} Bxe5 16. dxe5 Nc7 17. Ba4 f6 18. exf6 Rxf6 19. h5) 15... Rfxe8 16. Bxg7 Kxg7 17. Kd2 h5 18. a3 Rec8 19. Rac1 Rc6 20. Ne2 Bf5 21. Rc3 Rac8 22. Rhc1 Kf6 23. Nf4 e6 24. Ne2 Ke7 25. Ng3 Kd6 (25... f6 $11) 26. e4 $16 dxe4 27. fxe4 {[%cal Bf3e4,Be4e5][%mdl 32]} Bg4 28. e5+ $1 Kd5 29. Ke3 $1 {Strongly threatening Ne4.} Rxc3+ 30. bxc3 {[%mdl 4096] Endgame KRB-KRN} (30. Rxc3 $16 Rc4 31. Rb3 Rxd4 32. Rb5+ Kc6 33. Rxb6+ $1 {[%mdl 512]} Kxb6 34. Kxd4) 30... Bf5 $1 $11 31. Nf1 b5 32. Kd2 Kc4 33. Ne3+ Kb3 34. Nxf5 gxf5 {KR-KR} 35. Rb1+ Ka4 36. Rb4+ Ka5 37. d5 exd5 38. Rf4 Rg8 39. Rxf5 {Threatening Ke3.} Rxg2+ 40. Kd3 Rg4 41. Rxh5 Re4 42. Rh7 Rxe5 43. Rxf7 Kb6 44. Rf1 Kc5 45. Rh1 {Black must now prevent h5.} Rh5 46. Rh2 Kd6 47. Kd4 b6 48. Rh1 Ke6 49. Ke3 Kf5 50. Rd1 Ke5 51. Rh1 Kf5 52. Kf3 Rh6 (52... Kf6 $11) 53. Ke2 (53. h5 $1 $16) 53... Rh5 54. Kd3 Ke5 55. Rh2 Kf5 56. Ke3 Ke5 57. Rh3 Kf5 58. Kf3 Rh6 {[#]} (58... Kg6 $11) 59. h5 $1 $16 {[%cal Bh4h5,Bh5h6,Bh6h7][%mdl 32]} Rc6 (59... Kg5 $16 {keeps fighting.}) 60. Ke2 Kg4 {[#]} 61. Rh1 $1 Rxc3 $2 (61... Rh6 $18 62. Ke3 Kg5) 62. h6 Rc8 63. h7 Rh8 64. Ke3 Kf5 65. Kd4 Ke6 66. Rh2 Kd6 67. Rh6+ Kc7 68. Kxd5 Kb7 69. Ke6 {Precision: White = 65%, Black = 46%.} 1-0

[Event "WYCC 2018 O18"]
[Site "Halkidiki"]
[Date "2018.10.30"]
[Round "11"]
[White "Van Foreest, Lucas"]
[Black "Szustakowski, Antoni"]
[Result "1/2-1/2"]
[WhiteElo "2499"]
[BlackElo "2319"]
[Annotator "TA"]
[PlyCount "90"]
[EventDate "2018.10.20"]
[EventType "swiss"]
[EventCountry "GRE"]
[SourceTitle "playchess.com"]
[Source "ChessBase"]
[SourceQuality "1"]

{[%evp 12,90,32,8,37,8,43,4,16,1,5,-4,3,0,18,19,25,9,20,14,9,0,2,0,0,-1,0,0,0,-6,0,-70,2,4,46,0,0,0,0,0,0,0,0,-12,0,0,17,4,0,4,12,5,6,0,0,0,0,0,0,0,25,0,24,29,29,0,4,0,0,-43,-17,-58,-35,-43,-12,-43,0,0,0,0,0]} 1. e4 e6 2. d4 d5 3. Nd2 c5 4. exd5 Qxd5 5. dxc5 Nf6 6. Nb3 {C07: French Tarrasch: 3...c5, 4 Ngf3 and 4 exd5 Qxd5} (6. Ngf3 Qxc5 7. Bd3 Nbd7 8. O-O Qc7 9. Re1 Be7 10. Ne4 b6 11. Nxf6+ Nxf6 12. Ne5 O-O 13. Qf3 {0-1 (53) Bruzon Batista,L (2664)-Shankland,S (2671) Havana 2018}) 6... Qxd1+ 7. Kxd1 {LiveBook: 7 Games} Nc6 {[%cal Bb8c6,Bc6e5,Be5f3][%mdl 32]} 8. Be3 $146 {White is slightly better.} ({Predecessor:} 8. Bb5 Bd7 9. Nf3 a6 10. Bc4 Ng4 11. Ke2 Nce5 12. Nxe5 Nxe5 {1-0 (33) Todorov,T (2469)-Matthiesen,A (2336) Ischia 2012}) 8... Ng4 9. Bb5 Bd7 10. Ke2 Nxe3 11. fxe3 Rc8 12. Nf3 Ne5 13. a4 Nxf3 14. Bxd7+ Kxd7 15. Rad1+ Ke8 $1 {[#] Threatens to win with ...Ne5.} 16. gxf3 Bxc5 17. Rd2 Be7 18. c3 Bf6 19. Rhd1 {Strongly threatening Rd7.} Rc7 20. a5 Ke7 21. Nc5 (21. Ra1 $11) 21... Rhc8 (21... Rxc5 $15 22. Rd7+ Kf8 23. Rxb7 g5) 22. Ne4 $11 Kf8 23. a6 Be7 24. axb7 Rxb7 25. Ra1 Rc6 26. Ra2 Rcb6 27. Nf2 Bd6 28. Nd3 Ke7 29. h3 Rb5 30. Ra6 R5b6 31. Ra4 Rb5 32. Rh4 h6 33. Rg4 g6 34. Rh4 h5 35. Ra4 Rc7 36. Rd1 Bc5 37. Rc1 Rb3 $1 38. Ra6 Bb6 39. Rc2 Rc4 40. Rd2 Rb5 41. Nf2 Rg5 42. Ra1 Rg2 43. Rad1 Rh4 {[#] ...Rxh3 is the strong threat.} 44. Kf1 Rg3 45. Ke2 Rg2 {Precision: White = 43%, Black = 51%.} 1/2-1/2

[Event "WYCC 2018 O18"]
[Site "Halkidiki"]
[Date "2018.10.30"]
[Round "11"]
[White "Livaic, Leon"]
[Black "Lazov, Toni"]
[Result "1-0"]
[WhiteElo "2481"]
[BlackElo "2292"]
[Annotator "TA"]
[PlyCount "141"]
[EventDate "2018.10.20"]
[EventType "swiss"]
[EventCountry "GRE"]
[SourceTitle "playchess.com"]
[Source "ChessBase"]
[SourceQuality "1"]

{[%evp 19,141,22,21,22,33,26,31,20,29,29,39,28,33,8,20,0,0,0,14,0,0,0,0,0,58,58,58,58,105,74,136,114,156,82,94,76,123,108,106,115,108,121,92,77,77,0,0,0,0,0,0,0,0,0,6,6,6,6,13,10,11,-54,23,50,57,0,99,97,256,229,462,447,379,84,377,71,100,0,460,462,309,296,274,0,216,201,750,350,239,0,0,0,0,0,0,0,0,0,0,0,0,0,0,0,0,0,0,0,0,0,0,0,0,0,0,0,0,0,29982,29983,29983,29983,29982,29983]} 1. d4 Nf6 2. c4 g6 3. Nc3 Bg7 4. e4 d6 5. h3 O-O 6. Be3 Na6 7. g4 {E71: King's Indian: 4 e4 d6 5 h3} e5 (7... c5 8. Nge2 b6 9. e5 Ne8 10. Bg2 Rb8 11. O-O Bb7 12. Bxb7 Rxb7 13. Qa4 Nec7 14. exd6 exd6 {½-½ (60) Caruana,F (2811)-Adhiban,B (2655) Wijk aan Zee 2018}) 8. d5 Nc5 9. Qc2 c6 10. Nge2 cxd5 {LiveBook: 3 Games} 11. cxd5 a5 12. Ng3 Bd7 13. f3 $146 ({Predecessor:} 13. Be2 Rc8 14. Rc1 a4 15. Qd2 b5 {1-0 (45) Grandelius,N (2642)-Shyam,S (2552) Douglas 2016}) 13... a4 14. h4 Qa5 15. Qd2 Rfc8 16. Nd1 Ne8 17. h5 (17. Qxa5 {seems wilder.} Rxa5 18. Kf2 Nc7 19. Rc1 Nb5 20. Bxc5 dxc5 21. Bxb5 Rxb5 22. Rc2) 17... Qxd2+ 18. Bxd2 Bf6 19. Ne3 Bd8 20. Rh2 b5 21. Be2 Ba5 (21... Na6 $11) 22. Bxa5 $14 Rxa5 23. Kd2 Ra7 24. g5 a3 (24... Rb8 $142) 25. b3 Rac7 26. Rf1 ({White should try} 26. Rah1 $1) 26... Na6 27. Bd3 Nb4 28. Bb1 f6 29. hxg6 hxg6 30. gxf6 $1 Nxf6 31. Rhh1 Kg7 32. Rc1 (32. Rhg1 $16) 32... Rxc1 $11 33. Rxc1 Rxc1 34. Kxc1 Nh5 35. Ne2 Nf4 36. Kd2 Kf6 37. Nxf4 exf4 {[%mdl 4096] Endgame KBN-KBN} 38. Ng2 {next Kc3 is good for White.} g5 39. Kc3 Na6 40. Kd4 ({White should play} 40. Ne1 $11) 40... b4 (40... Be8 $1 $15) 41. Ne1 g4 42. Bd3 (42. fxg4 $14 Kg5 43. Nd3) 42... Nc7 (42... Nc5 $11 {remains equal.} 43. fxg4 Bxg4) 43. fxg4 $1 $16 Kg5 $2 (43... Nb5+ $16 {keeps fighting.} 44. Bxb5 Bxb5) 44. e5 $18 Kxg4 $2 (44... dxe5+ {was necessary.} 45. Kxe5 Bxg4) 45. exd6 Ne8 46. Nc2 $2 (46. Ke5 $18) 46... f3 $2 {[%mdl 8192]} (46... Nxd6 $16 {might work better.} 47. Nxb4 f3) 47. Nxb4 $2 (47. Ke5 $18) 47... Nxd6 $16 48. Nc2 (48. Ke5 $16 Nb5 49. d6) 48... Nb5+ $2 {[%mdl 8192]} (48... Bb5 $1 $11) 49. Bxb5 $1 $18 Bxb5 {KB-KN} 50. Ne3+ ({Stronger than} 50. Ke3 Kg3 $11) 50... Kg3 {[#]} 51. Kc5 $2 (51. Nd1 $1 $18) 51... Bd7 $2 {[#]} (51... Kf2 $1 $11 52. Nc2 Be8) 52. Nd1 $1 Kf4 $2 (52... Kg2 53. Kd4 Be8) 53. Kd4 (53. b4 $142) 53... Kf5 54. b4 $2 (54. Nf2 $18) 54... Ba4 $1 $11 {[%cal Ra4d1]} 55. Ne3+ Kf6 56. Kc4 {Strongly threatening b5.} Ke7 57. Ng4 Kd6 58. b5 Bc2 59. b6 Be4 60. Nf6 Bf5 {Hoping for ...f2.} 61. Nh5 f2 62. Ng3 Bb1 63. Kb3 Bd3 64. Kxa3 f1=Q 65. Nxf1 Bxf1 {KB-K3P} 66. Kb4 Bg2 67. Kb5 Bxd5 68. a4 {[%cal Ba2a4,Ba4a5][%mdl 32]} Kd7 $2 {[%mdl 8192]} (68... Bb7 $11) 69. Ka6 {White mates.} Kc6 70. a5 Kd7 71. Ka7 {Precision: White = 61%, Black = 52%.} 1-0

[Event "WYCC 2018 O18"]
[Site "Halkidiki"]
[Date "2018.10.30"]
[Round "11"]
[White "Fakhrutdinov, Timur"]
[Black "Gazik, Viktor"]
[Result "0-1"]
[WhiteElo "2472"]
[BlackElo "2486"]
[Annotator "TA"]
[PlyCount "85"]
[EventDate "2018.10.20"]
[EventType "swiss"]
[EventCountry "GRE"]
[SourceTitle "playchess.com"]
[Source "ChessBase"]
[SourceQuality "1"]

{[%evp 25,85,13,20,16,15,18,68,0,15,2,25,-66,-66,-60,-48,-49,0,-31,0,4,7,-8,0,-128,20,-91,-113,-104,-105,-116,-98,-154,-142,-123,-106,-106,-106,-122,-114,-117,-127,-125,-131,-114,-80,-81,-88,-86,-77,-65,-84,-97,-101,-197,-68,-59,-96,-451,-444,-424,-425,-29989]} 1. e4 c5 2. Nf3 d6 3. d4 Nf6 4. Nc3 cxd4 5. Nxd4 a6 6. h3 e6 7. g4 h6 8. Bg2 g5 9. Qe2 {B81: Sicilian Scheveningen: Keres Attack} Nbd7 10. Be3 Ne5 11. O-O-O Qc7 (11... Nfd7 12. h4 Rg8 13. hxg5 hxg5 14. Kb1 b5 15. f4 gxf4 16. Bxf4 Bb7 {½-½ (56) Karjakin,S (2773)-Mamedyarov,S (2801) Saint Louis 2018}) 12. f4 gxf4 13. Bxf4 b5 {LiveBook: 14 Games} 14. Rhf1 Nfd7 15. Qf2 {[#]} Be7 $146 ({Predecessor:} 15... b4 16. Nce2 {1-0 (54) Borisek,J (2508)-Sax,G (2508) Murska Sobota 2007}) 16. Kb1 (16. Nf5 $1 $14 exf5 17. Nd5) 16... b4 17. Nce2 a5 18. Bc1 ({White should play} 18. Nb5 $11 Qb8 19. c4) 18... Ba6 $15 19. Rfe1 a4 20. Nf4 Qb6 (20... b3 $5) 21. Bf1 (21. Be3 $5 {[%cal Rd4e6]} Qa5 22. Nh5 $15) 21... Nc4 22. Nh5 {Black must now prevent Ng7+.} Rh7 23. Bd3 Rc8 24. Rf1 {[#]} (24. Bf1 $11) 24... Nde5 (24... Nc5 $1 $17 25. Nf4 (25. Nf6+ $2 Bxf6 26. Qxf6 Na3+ 27. bxa3 bxa3+ 28. Ka1 Bxd3 $17) 25... Ne5) 25. Nxe6 (25. Be2 $11 {remains equal.}) 25... Qxf2 $17 26. Neg7+ {[#]} Rxg7 $1 27. Nxg7+ Kf8 {[#]} 28. Ne6+ $1 {[%mdl 512]} fxe6 29. Bxh6+ Kg8 30. Rxf2 {[#]} b3 $1 {[%mdl 512]} 31. axb3 axb3 32. Bxc4 Rxc4 33. cxb3 Rxe4 34. Rf4 Re2 {[%mdl 1024] Threatens to win with ...Nd3. Black has strong compensation.} 35. Ra4 Bd3+ 36. Ka2 Be4 37. Ra7 Nc6 38. Rb7 Rf2 39. b4 {[#]} (39. h4 $17) 39... Bf3 (39... Bf6 $1 $19 40. Bc1 Bd5+ 41. Rxd5 exd5) 40. Rd2 $1 $15 {[%cal Rd2f2]} Rf1 $1 {[%cal Rf1h1]} 41. Rc2 $2 {[%mdl 8192]} (41. h4 $17) 41... Bf6 $19 {( -> ...Bd5+)} 42. Rc1 Rf2 43. Rd1 {Precision: White = 38%, Black = 42%.} (43. Rb1 $19 Be4 44. Bc1) 0-1

[Event "WYCC 2018 O18"]
[Site "Halkidiki"]
[Date "2018.10.30"]
[Round "11"]
[White "Radovanovic, Mihajlo"]
[Black "Abdusattorov, Nodirbek"]
[Result "1/2-1/2"]
[WhiteElo "2466"]
[BlackElo "2558"]
[Annotator "TA"]
[PlyCount "62"]
[EventDate "2018.10.20"]
[EventType "swiss"]
[EventCountry "GRE"]
[SourceTitle "playchess.com"]
[Source "ChessBase"]
[SourceQuality "1"]

{[%evp 28,62,11,11,15,15,20,22,22,17,18,18,26,20,36,23,14,20,68,72,99,90,69,72,68,59,73,0,18,11,14,16,12,0,0,0,0]} 1. Nf3 Nf6 2. g3 d5 3. Bg2 c6 4. O-O Bf5 5. d3 h6 6. Nbd2 e6 7. b3 Be7 8. Bb2 O-O 9. c4 Bh7 10. Qc2 a5 11. a3 Nbd7 12. Bc3 Qb6 {A12: English Opening: 1...c6 with b3 by White} (12... b5 13. cxb5 cxb5 14. Qb2 Qb6 15. b4 axb4 16. axb4 Ra4 17. Rac1 Rfa8 18. Rc2 Ne8 19. e4 Ndf6 20. Ne5 Qb7 21. Re1 Rd8 {1-0 (34) Caruana,F (2804)-Giri,A (2782) Leuven 2016}) 13. Qb2 Rfc8 14. b4 axb4 15. axb4 {LiveBook: 3 Games} Qd8 16. Ne5 Nb6 $146 ({Predecessor:} 16... Nxe5 17. Bxe5 Ne8 18. b5 Bf6 19. bxc6 bxc6 20. Bxf6 Nxf6 21. Rxa8 Rxa8 {½-½ (74) Wiens,H-Secula,V Germany 1988}) 17. Qb3 Nfd7 18. Nxd7 Nxd7 19. Qb2 Bf8 20. Nb3 Qb6 21. Na5 Ra6 22. e4 Qc7 23. cxd5 cxd5 24. Rac1 dxe4 25. dxe4 {Strongly threatening e5.} Qb8 26. Rfd1 Rd6 27. Rxd6 ({White should try} 27. Bd4 $16) 27... Bxd6 {The position is equal.} 28. Rd1 Be5 29. Bxe5 Nxe5 30. Nxb7 Qxb7 ({Much worse is} 30... Nc4 $6 31. Qd4 $16) 31. Qxe5 Qxb4 {Precision: White = 81%, Black = 63%.} 1/2-1/2

[Event "WYCC 2018 O18"]
[Site "Halkidiki"]
[Date "2018.10.30"]
[Round "11"]
[White "Janik, Igor"]
[Black "Gumularz, Szymon"]
[Result "1/2-1/2"]
[WhiteElo "2453"]
[BlackElo "2441"]
[Annotator "TA"]
[PlyCount "74"]
[EventDate "2018.10.20"]
[EventType "swiss"]
[EventCountry "GRE"]
[SourceTitle "playchess.com"]
[Source "ChessBase"]
[SourceQuality "1"]

{[%evp 27,74,0,0,0,0,0,0,0,14,15,12,10,53,10,10,10,10,10,10,10,10,10,10,3,10,10,10,10,10,10,10,0,0,0,0,0,0,0,10,0,0,0,10,0,0,0,4,4,4]} 1. e4 c6 2. d4 d5 3. Nd2 dxe4 4. Nxe4 Bf5 5. Ng3 Bg6 6. h4 h6 7. Nf3 e6 8. Ne5 Bh7 9. Bd3 Bxd3 10. Qxd3 Nd7 {B19: Classical Caro-Kann: 4...Bf5 main line} 11. f4 (11. Bf4 Nxe5 12. Bxe5 Qa5+ 13. c3 Nf6 14. O-O Ng4 15. Rad1 Nxe5 16. dxe5 Rd8 17. Qxd8+ Qxd8 18. Rxd8+ Kxd8 {1-0 (67) Sutovsky,E (2633)-Shankland,S (2722) Batumi 2018}) 11... Be7 12. Bd2 Nxe5 13. fxe5 Bxh4 14. O-O-O Bxg3 $1 {LiveBook: 45 Games} 15. Qxg3 Ne7 16. Qxg7 Rg8 {[%cal Bh8g8,Bg8g2,Bg2d2][%mdl 32]} 17. Qxh6 Qd5 18. Kb1 {[#] Strongly threatening Bg5.} O-O-O $146 19. Qf6 Rxg2 20. Qxe7 Rxd2 $1 {The position is equal.} 21. Qxd8+ Kxd8 22. Rh8+ Kc7 {[%cal Rd2d1] [#]} 23. Rxd2 $11 {[%mdl 4096] Endgame KQ-KRR} c5 24. c3 Qe4+ 25. Kc1 cxd4 26. cxd4 a5 27. Rh3 a4 28. Rc3+ Kb6 29. a3 Qe1+ 30. Kc2 Qe4+ 31. Rdd3 Qg2+ 32. Kb1 Qh1+ 33. Ka2 Qd5+ 34. Kb1 Qh1+ 35. Kc2 Qg2+ 36. Kc1 Qh1+ 37. Rd1 Qe4 {Precision: White = 64%, Black = 87%.} 1/2-1/2